Atlas básico Santillana / (Registro nro. 11618)

Detalles MARC
000 -LIDER
fixed length control field 00858nam a22002417a 4500
003 - IDENTIFICACDOR DE NÚMERO DE CONTROL
control field DO-SdBNP
005 - DATE AND TIME OF LATEST TRANSACTION
control field 20220822073751.0
008 - ELEMENTOS DE LONGITUD FIJA
fixed length control field 161020b1986 sp|| 00| 0 spa d
020 ## - ISBN
International Standard Book Number 8429425098
040 ## - FUENTE DE CATALOGACIÓN
Agencia que crea de manera original el registro BPMSU
Idioma de catalogación spa
Agencia que realiza la transcripción BPMSU
082 ## - NÚMERO DE CLASIFICACIÓN DECIMAL DE DEWEY
Classification number R912
Item number A881b 1986
Edition number 22
245 00 - MENCIÓN DE TITULO
Título Atlas básico Santillana /
Mención de responsabilidad coordinador José Luis Gil...[y otros]
260 ## - PUBLICACIÓN, DISTRIBUCIÓN, ETC. (PIE DE IMPRENTA)
Lugar de publicación, distribución, etc Madrid :
Nombre del editor, distribuidor, etc. Consejo Superior Geográfico ;
-- Santillana,
Fecha de publicación, distribución, etc 1986
300 ## - DESCRIPCIÓN FÍSICA
Extensión 159 p. :
Otros detalles físicos il. :
Dimensiones 30 cm
505 ## - NOTA DE CONTENIDO
Título La realidad y su Representación .--
-- Geografía astronómica.--
-- El mundo y sus continente.--
-- España y sus comunidades autónomas.--
590 ## - NOTA LOCAL
Enlace Inventariado, 2022/VM
650 #4 - ENCABEZAMIENTO DE MATERIA--TEMÁTICO
Término temático o nombre geográfico como elemento de entrada Atlas.
650 #4 - ENCABEZAMIENTO DE MATERIA--TEMÁTICO
Término temático o nombre geográfico como elemento de entrada Geogafía
Subdivisión temática general Enseñanza básica
700 1# - ASIENTO SECUNDARIO -- NOMBRE PERSONAL
Nombre personal Gil, José Luis
Mención de responsabilidad coordinador
710 2# - ASIENTO SECUNDARIO -- NOMBRE CORPORATIVO
Nombre corporativo o de jurisdicción Consejo Superior Geográfico (España)
910 ## - VALIDACIÓN
Validación VMateo V.
942 ## - ADDED ENTRY ELEMENTS (KOHA)
Source of classification or shelving scheme Dewey Decimal Classification
Koha item type Libros
Existencias
Withdrawn status Lost status Source of classification or shelving scheme Damaged status Not for loan Collection code Home library Current library Date acquired Source of acquisition Full call number Barcode Date last seen Price effective from Koha item type Copy number Total Checkouts
    Dewey Decimal Classification     Colección de Referencia General Biblioteca Pública Metropolitana Salomé Ureña Biblioteca Pública Metropolitana Salomé Ureña 06/07/2022 FUNDI BPMSU CGR R912 A881b 1986 BPMSU22060019 06/07/2022 06/07/2022 Libros    
    Dewey Decimal Classification     Colección de Referencia General Biblioteca Pública Metropolitana Salomé Ureña Biblioteca Pública Metropolitana Salomé Ureña 06/07/2022 FUNDI BPMSU CGR R912 A881b 1986 BPMSU22080008 08/22/2022 06/07/2022 Libros e.2  
    Dewey Decimal Classification     Colección de Referencia General Biblioteca Pública Metropolitana Salomé Ureña Biblioteca Pública Metropolitana Salomé Ureña 06/07/2022 FUNDI BPMSU CGR R912 A881b 1986 BPMSU22080009 08/22/2022 06/07/2022 Libros e.3